Sports Quiz

Random Sports or Basketball Quiz

NBA Career Scoring Leaders Quiz Stats

 Plays Quiz Updated Apr 17, 2019

Score 0/25 Timer 06:00
6 Plays Today
Rank Player % Correct
1Kareem Abdul-Jabbar
91.3%
2Karl Malone
87.4%
3Kobe Bryant
84.2%
10Shaquille O'Neal
80.2%
5Michael Jordan
80%
4LeBron James
79%
6Dirk Nowitzki
78.6%
7Wilt Chamberlain
75.7%
9Moses Malone
74.1%
17Tim Duncan
64.7%
23Vince Carter
64.5%
20Kevin Garnett
63.2%
18Paul Pierce
63%
Rank Player % Correct
8Julius Erving
55.9%
14Oscar Robertson
55.1%
13Hakeem Olajuwon
54.1%
15Dominique Wilkins
49%
19John Havlicek
46.5%
24Reggie Miller
40.3%
16George Gervin
38.8%
21Alex English
36.8%
12Elvin Hayes
30.4%
24Rick Barry
30.3%
22Carmelo Anthony
27.4%
11Dan Issel
15.4%

You're not logged in!

Compare scores with friends on all Sporcle quizzes.
OR
Log In

Sporcle TV

Today on Sporcle TV


Watch our educational content, quiz creation guides, and fun videos on Sporcle TV.

Show Comments

Extras

Top Quizzes Today


Score Distribution

Your Account Isn't Verified!

In order to create a playlist on Sporcle, you need to verify the email address you used during registration. Go to your Sporcle Settings to finish the process.

Report this User

Report this user for behavior that violates our Community Guidelines.

Details: